000 00347nam a2200145 a 4500
005 20140414093847.0
008 110304s19uu xx 00 eng d
050 _aCD 499.21
_bC19 2003
100 _aCarlos, Victoria P.
245 _aI'd like to speak Filipino 2.
260 _c2001.
650 _aFilipino
942 _cAVM
999 _c109722
_d109722